The monk who sold his ferrari: a fable about fulfilling your dreams and reaching your destiny (Record no. 209323)

MARC details
000 -LEADER
fixed length control field 00523nam a2200169Ia 4500
008 - FIXED-LENGTH DATA ELEMENTS--GENERAL INFORMATION
fixed length control field 231221s9999 xx 000 0 und d
020 ## - INTERNATIONAL STANDARD BOOK NUMBER
International Standard Book Number 9790000000000
041 ## - LANGUAGE CODE
Language code of text/sound track or separate title English
082 ## - DEWEY DECIMAL CLASSIFICATION NUMBER
Classification number 813.54 SHA;1 R
100 ## - MAIN ENTRY--PERSONAL NAME
Personal name Sharma, Robin S.
245 #4 - TITLE STATEMENT
Title The monk who sold his ferrari: a fable about fulfilling your dreams and reaching your destiny
260 ## - PUBLICATION, DISTRIBUTION, ETC.
Date of publication, distribution, etc. 2007
Name of publisher, distributor, etc. Jaico Publishing
Place of publication, distribution, etc. Ahmedabad
300 ## - PHYSICAL DESCRIPTION
Extent 198
300 ## - PHYSICAL DESCRIPTION
Dimensions CD3861
650 ## - SUBJECT ADDED ENTRY--TOPICAL TERM
Topical term or geographic name entry element monk,sold,his,ferrari:,fable,fulfilling,dreams,destiny
942 ## - ADDED ENTRY ELEMENTS (KOHA)
Koha item type Business Management Library
Holdings
Date last seen Total checkouts Full call number Accession number Date last checked out Cost, total (INR) price Price effective from Category Lost status Damaged status Department Withdrawn status Home library Current library Shelving location Entry date Vendor Cost, normal purchase price Grants Billnumber Billdate Currency symbol Conversion rate Discount Old discount Total renewals
26/01/2024     CD3861     26/01/2024 Compact Disks         Central Library Central Library     Mega Books   BM 7156 28/09/2012 RS 1      
26/01/2024     CD3862     26/01/2024 Compact Disks         Central Library Central Library     Mega Books   BM 7156 26/09/2012 RS 1      
06/01/2025 1 813.54 SHA;1 R BM1133 02/04/2024 187.50 26/01/2024 Business Management Library     Central Library   Central Library RFID Kiosk Central Library   Mega Books 250.00 BM 7156 28/09/2012 RS 1 62.5 25  
20/12/2025 2 813.54 SHA;2 R1 BM1134 02/12/2025 187.50 26/01/2024 Business Management Library     Central Library   Central Library RFID Kiosk Central Library   Mega Books 250.00 BM 7156 26/09/2012 RS 1 62.5 25 1

© For any Suggestions or Query, please contact the library staff @ librarian@pes.edu or Phone: +9180 2672 1983/ 2108.